日本のエネルギー問題
שמור ב:
| מחבר תאגידי: | |
|---|---|
| פורמט: | ספר |
| שפה: | Undetermined |
| יצא לאור: |
東京
通商産業調査会
1973
|
| נושאים: | |
| תגים: |
הוספת תג
אין תגיות, היה/י הראשונ/ה לתייג את הרשומה!
|
| Thư viện lưu trữ: | Trung tâm Học liệu Trường Đại học Cần Thơ |
|---|
| LEADER | 00484nam a2200181Ia 4500 | ||
|---|---|---|---|
| 001 | CTU_84996 | ||
| 008 | 210402s9999 xx 000 0 und d | ||
| 082 | |a 333.97 | ||
| 082 | |b T882 | ||
| 110 | |a 通商産業省 | ||
| 245 | 0 | |a 日本のエネルギー問題 | |
| 245 | 0 | |c 通商産業省 | |
| 260 | |a 東京 | ||
| 260 | |b 通商産業調査会 | ||
| 260 | |c 1973 | ||
| 650 | |a Power resources | ||
| 904 | |i Ngoc, QHieu | ||
| 980 | |a Trung tâm Học liệu Trường Đại học Cần Thơ | ||